000 01241 a2200241 4500
001 47483
005 20260407155741.0
008 260407a1995 arg spa d
003 AR-UNSa-BCEJYS
040 _aAR-UNSa-BCEJYS
_bspa
_cAR-UNSa-BCEJYS
080 _a330.101.542
_xMicroeconomía
245 1 0 _aTeoría Microeconómica
_ptercera edición ampliada y puesta al día
020 _a978-84-344-2004-5
250 _a3a. ed.
264 1 _aBarcelona :
_bEdiciones Ariel
_c1995
300 _a534 p.
_c22 cm.
505 _a1. Introducción - 2. La teoría de la conducta del consumidor - 3. Temas sobre la teoría de la conducta del consumidor - 4. La teoría de la empresa - 5. Temas sobre la teoría de la empresa - 6. El equilibrio del mercado - 7. Monopolio, monopsonio y competencia monopolística - 8. Duopolio, oligopolio y monopolio bilateral - 9. El equilibrio del multimercado - 10. Temas sobre el equilibrio del multimercado - 11. La economía del bienestar - 12. Optimización temporal.
942 _cBK
590 _aniveau_biblio:m niveau_hierar:0
100 1 _aHenderson, James M.
700 1 _aQuandt, Richard E.
856 4 1 _uhttps://www.biblioeco.unsa.edu.ar/pmb/images/libros/L127524.jpg
_yImagen de portada
_qimage/jpeg
999 _c4380
_d4380